000
00305nam a22001337a 4500
008
170614b xxu||||| |||| 00| 0 eng d
020
_a
9789280810707
041
_a
eng
080
_a
94
100
_a
19
101
_a
SHH
245
_a
FROM CIVIL STRIFE TO CIVIL SOCIETY
_c
MALEY.W
942
_2
udc
_c
BK
999
_c
17357
_d
17357